000 00680nam a2200193 4500
001 138352
003 ES-MaACL
005 20230906195541.0
007 t|
008 070214s1968 sp r ||||1| spa d
100 1 _aSancho Gómez, Juan.
_9103040
245 1 0 _aDiagramas de color del iluminante `A` /
_cpor J. Sancho, A. Serna y J. B. Vidal-Abarca.
260 _aMurcia :
_bUniversidad, Departamento de Química Física,
_c1968.
300 _a39 p. ;
_c31 cm +
_e33 gráf. pleg.
700 1 _aSerna, A.
_9105560
700 1 _aVidal-Abarca, J. B.
_9114463
710 2 _aUniversidad de Murcia.
_bDepartamento de Química Física.
_97242
852 _aES-MaACL
_jC-35678
_bR.68921
999 _c138352
_d138352